banner koha

Funcionário feliz, fazenda próspera: gestão eficiente de pessoas é uma das chaves da agricultura moderna (Registro n. 328393)

MARC details
000 -LÍDER
fixed length control field 01124nab a2200325 4500
003 - CÓDIGO MARC DA AGÊNCIA CATALOGADORA
Campo de controle BR-BrBNA
005 - DATA E HORA DA ÚLTIMA ATUALIZAÇÃO
Campo de controle 20241103234313.0
008 - CAMPO DE TAMANHO FIXO
fixed length control field 241103b bl.||||| |||| 00| 0 por d
040 ## - FONTE DA CATALOGAÇÃO
Agência catalogadora BR-BrBNA
Idioma da catalogação por
072 ## - CATEGORIA AGRIS
Código AGRIS E12 ; E20 ; C10
100 ## - ENTRADA PRINCIPAL - NOME PESSOAL
Nome pessoal Almeida, Carlos Alexandre
245 ## - TÍTULO PRINCIPAL
Título principal Funcionário feliz, fazenda próspera: gestão eficiente de pessoas é uma das chaves da agricultura moderna
500 ## - NOTA GERAL
Nota geral 9 illus.; 2 tables
942 ## - ADDED ENTRY ELEMENTS (KOHA)
Koha item type Analítica
520 ## - NOTA DE RESUMO
Nota de conteúdo GESTÃO DE PESSOAS
520 ## - NOTA DE RESUMO
Nota de conteúdo PROGRAMAS DE INCENTIVOS PARA FUNCIONÁRIOS
650 ## - ASSUNTO - THESAGRO
Cabeçalho tópico ou nome geográfico TRABALHADOR RURAL
650 ## - ASSUNTO - THESAGRO
Cabeçalho tópico ou nome geográfico RECURSO HUMANO
650 ## - ASSUNTO - THESAGRO
Cabeçalho tópico ou nome geográfico SALÁRIO
650 ## - ASSUNTO - THESAGRO
Cabeçalho tópico ou nome geográfico MERCADO DE TRABALHO
650 ## - ASSUNTO - THESAGRO
Cabeçalho tópico ou nome geográfico PROPRIEDADE RURAL
650 ## - ASSUNTO - THESAGRO
Cabeçalho tópico ou nome geográfico GESTÃO
650 ## - ASSUNTO - THESAGRO
Cabeçalho tópico ou nome geográfico ADMINISTRAÇÃO DE PESSOAL
650 ## - ASSUNTO - THESAGRO
Cabeçalho tópico ou nome geográfico SELEÇÃO
650 ## - ASSUNTO - THESAGRO
Cabeçalho tópico ou nome geográfico TREINAMENTO
650 ## - ASSUNTO - THESAGRO
Cabeçalho tópico ou nome geográfico CAPACITAÇÃO
650 ## - ASSUNTO - THESAGRO
Cabeçalho tópico ou nome geográfico PERFORMANCE
773 0# - ENTRADA ANALÍTICA
Host Biblionumber 4115
Registro do item 345196
Imprenta Piracicaba-SP Centro de Estudos Avançados em Economia Aplicada-CEPEA/USP/ESALQ 2002
Outro identificador 2024-5702
Título Hortifruti Brasil (Brazil)
ISSN 1981-1837
Colação v. 5(54) p. 6-13; (Jan-Feb 2007)
Número de controle de registro BR2024003115

Nenhum exemplar disponível.

BINAGRI

Telefone: (61)3218-2567/2388/3357/2097 - binagri@agro.gov.br

Ministério da Agricultura e Pecuária , Esplanada dos Ministérios, Bloco D, Anexo B, Brasília/DF, CEP: 70.043-900